000 00482nam a2200181Ia 4500
003 OSt
005 20250113140338.0
008 210716s1990 xx 000 0 und d
040 _cAIMIT LIBRARY
041 _aeng
082 _a808.83
_21
_bMARJ
100 _aMarch, Jessica.
_9193267
245 _aObsessions /
_cBy Jessica March.
250 _a1st ed.
260 _aNew York :
_bWarner books ;
_c1990.
300 _a520p. ;
_bPB
_c17 cm.
942 _2ddc
_cBK
_e1st ed.
_k808.83 MARJ
999 _c200122
_d200122